000 00905nam a22002297a 4500
001 8686
003 FISKH
005 20251010145103.0
008 251010b cb ||||| |||| 00| 0 eng d
020 _a9781107611467
040 _aFISKH
_beng
_cFISKH
_dFISKH
082 _a 372.35
100 _aBoard, Jon
245 _aCambridge primary Science teacher's resource 1 /
_cJon Board and Alan Cross
260 _aNew York :
_bCambridge,
_c2014.
300 _a150 pages :
_bcolor illustrations ;
_c28 cm
520 _aThe Cambridge Primary Science Teacher's Resource 1 is designed to support educators in delivering the Cambridge Primary Science curriculum for Stage 1. This resource offers comprehensive guidance to enhance teaching effectiveness and student engagement.
650 _aEducation
_vPrimary Science
_xTeacher's Resource
700 _aCross, Alan
942 _2ddc
_cBK
_n0
999 _c8686
_d8686